Система аналитического контроля за содержанием органических загрязнителей в воде на предприятии "Уфаводоканал"; Безопасность жизнедеятельности; № 8

Bibliografische gegevens
Parent link:Безопасность жизнедеятельности: научно-практический и учебно-методический журнал.— , 2001-
№ 8.— 2004.— С. 33-37
Hoofdauteur: Цыпышева Л. Г.
Andere auteurs: Кантор Л. И.
Taal:Russisch
Gepubliceerd in: 2004
Reeks:Экологическая безопасность
Onderwerpen:
Formaat: Hoofdstuk
KOHA link:https://koha.lib.tpu.ru/cgi-bin/koha/opac-detail.pl?biblionumber=394172

MARC

LEADER 00000naa2a2200000 4500
001 394172
005 20231101064457.0
035 |a (RuTPU)RU\TPU\prd\30760 
090 |a 394172 
100 |a 20041207a2004 k y0rusy50 ca 
101 0 |a rus 
102 |a RU 
200 1 |a Система аналитического контроля за содержанием органических загрязнителей в воде на предприятии "Уфаводоканал"  |f Л. Г. Цыпышева, Л. И. Кантор 
225 1 |a Экологическая безопасность 
320 |a Библиогр.: 20 назв. 
461 1 |0 (RuTPU)RU\TPU\prd\1137  |t Безопасность жизнедеятельности  |o научно-практический и учебно-методический журнал  |d 2001- 
463 1 |0 (RuTPU)RU\TPU\prd\28035  |t № 8  |v С. 33-37  |d 2004 
610 1 |a аналитический контроль 
610 1 |a органические загрязнители 
610 1 |a питьевая вода 
610 1 |a водоисточники 
610 1 |a Уфа 
610 1 |a физико-химический анализ 
610 1 |a пробоподготовка 
675 |a 628.543.381  |v 3 
700 1 |a Цыпышева  |b Л. Г. 
701 1 |a Кантор  |b Л. И. 
801 1 |a RU  |b 63413507  |c 20041207  |g PSBO 
942 |c BK